| 000 | 00553nam a2200205 i 4500 | ||
|---|---|---|---|
| 001 | 19074 | ||
| 003 | ES-MaACL | ||
| 007 | t| | ||
| 008 | 020415s1957 sp ||||1| spa d | ||
| 080 | _a821.134.2-14"19" | ||
| 100 | 1 |
_aLacaci, María Elvira. _969312 |
|
| 245 | 1 | 0 |
_aHumana voz / _cMaría Elvira Lacaci. |
| 260 |
_aMadrid : _bRialp, _c1957. |
||
| 300 |
_a58 p. ; _c18 cm. |
||
| 490 | 1 |
_aAdonais ; _v138 |
|
| 500 | _aPremio Adonais de 1956. | ||
| 830 | 0 | 0 |
_aAdonáis _v138 _9173743 |
| 852 |
_aES-MaACL _jJ-23-138 _bR.131687 |
||
| 999 |
_c19074 _d19074 |
||